[Event "40th Olympiad Women"]
[Site "Istanbul TUR"]
[Date "2012.09.01"]
[Round "5.61"]
[Board "1"]
[White "Zepeda, Lorena"]
[Black "Pustovoitova, Daria"]
[Result "0-1"]
[WhiteTitle "WIM"]
[BlackTitle "FM"]
[WhiteElo "2139"]
[BlackElo "2294"]
[WhiteTeam "El Salvador"]
[BlackTeam "IBCA"]
[WhiteFideId "6700233"]
[BlackFideId "4182146"]
[EventDate "2012.08.28"]

1. e4 e6 2. d3 d5 3. Nd2 Nf6 4. Ngf3 Nc6 5. Be2 e5 6. O-O Be7 7. c3 a5 8. a4 O-O
9. Re1 Re8 10. Qc2 h6 11. Nf1 Be6 12. Ng3 Qd7 13. Be3 Rad8 14. Rad1 Bf8 15. d4
Nxe4 16. Nxe4 dxe4 17. Nxe5 Nxe5 18. dxe5 Bd5 19. Bb5 c6 20. c4 Rxe5 21. Bb6 Rc8
22. Rxd5 Rxd5 23. cxd5 cxb5 24. Qxe4 Bb4 25. Rd1 bxa4 26. g3 Re8 27. Qc4 Rc8 28.
Qe4 Qd6 29. Be3 a3 30. Bf4 Qd7 31. bxa3 Bxa3 32. d6 Bc5 33. Qd5 Bb4 34. Rd3 Re8
35. Kg2 Re6 36. h4 b6 37. Rd4 Bc5 38. Rd2 a4 39. Qa8+ Re8 40. Qd5 a3 41. Rc2 Re1
42. Ra2 Re6 43. Rd2 Re8 44. Rc2 Rd8 45. Rd2 Qe6 46. Qc6 a2 47. Qa4 Bxd6 48. Bxd6
Rxd6 49. Rxd6 Qxd6 50. Qa8+ Qf8 51. Qxa2 b5 52. g4 b4 53. g5 hxg5 54. hxg5 Qc5
55. f4 g6 56. Qa8+ Kg7 57. Qa1+ Qc3 58. Qa5 Qd4 59. Kg3 b3 60. f5 Qd3+ 61. Kh4
Qe4+ 62. Kg3 Qe3+ 63. Kh2 Qf4+ 0-1

[Event "40th Olympiad Women"]
[Site "Istanbul TUR"]
[Date "2012.09.01"]
[Round "5.61"]
[Board "2"]
[White "Stolarczyk, Anna"]
[Black "Sanchez, Ingrid"]
[Result "0-1"]
[WhiteTitle "WCM"]
[BlackTitle "WCM"]
[WhiteElo "1994"]
[BlackElo "1992"]
[WhiteTeam "IBCA"]
[BlackTeam "El Salvador"]
[WhiteFideId "1126423"]
[BlackFideId "6700217"]
[EventDate "2012.08.28"]

1. d4 d5 2. c4 e6 3. Nc3 Nf6 4. Bg5 Be7 5. Rc1 O-O 6. e3 b6 7. cxd5 exd5 8. Nf3
Bb7 9. Bd3 Ne4 10. Bxe7 Qxe7 11. O-O Nd7 12. Nd2 f5 13. Qc2 c5 14. b3 Rac8 15.
Qb2 f4 16. exf4 cxd4 17. Ne2 Ndc5 18. Bxe4 dxe4 19. Qxd4 Rfd8 20. Qb4 a5 21.
Qxb6 Rxd2 22. Ng3 Rxa2 23. Nf5 Qc7 24. Qa7 g6 25. Ne3 Ba6 26. Qxc7 Rxc7 27. Nd5
Bxf1 28. Nxc7 Bd3 29. f3 Nxb3 30. Rc3 Nd4 31. Rc5 exf3 0-1

[Event "40th Olympiad Women"]
[Site "Istanbul TUR"]
[Date "2012.09.01"]
[Round "5.61"]
[Board "3"]
[White "Avelar, Gabriela"]
[Black "Debowska, Teresa"]
[Result "1/2-1/2"]
[WhiteTitle "WFM"]
[BlackTitle "FM"]
[WhiteElo "1939"]
[BlackElo "1837"]
[WhiteTeam "El Salvador"]
[BlackTeam "IBCA"]
[WhiteFideId "6700667"]
[BlackFideId "1120816"]
[EventDate "2012.08.28"]

1. Nf3 Nf6 2. g3 g6 3. Bg2 Bg7 4. d3 d5 5. O-O O-O 6. Nbd2 c6 7. e4 dxe4 8. dxe4
Bg4 9. h3 Bd7 10. c3 Qc8 11. Kh2 Qc7 12. e5 Nd5 13. Qe2 Be6 14. c4 Nb6 15. b3
N8d7 16. Bb2 Rad8 17. Rae1 Nc5 18. Bd4 Ncd7 19. Qd1 Bf5 20. Qa1 Be6 21. Ne4 c5
22. Bc3 Nb8 23. Kh1 Nc6 24. Nxc5 Bc8 25. Ne4 Rd3 26. Qb1 Rfd8 27. Qb2 Bxh3 28.
Bxh3 Rxf3 29. Bg2 Rfd3 30. Nc5 Rxc3 31. Qxc3 Nxe5 32. Qe3 Nc6 33. Ne4 Nd4 34.
Rd1 e5 35. Nc3 a6 36. Nd5 Nxd5 37. Bxd5 b5 38. f4 Nf5 39. Qf3 exf4 40. gxf4 b4
41. Rf2 Re8 42. Rfd2 Re3 43. Qf2 Bf6 44. Rd3 Bh4 45. Qb2 Ng3+ 46. Kg1 Ne2+ 47.
Kh1 Ng3+ 48. Kg1 Rxd3 49. Rxd3 Qc5+ 50. Kg2 Qe7 51. Rxg3 Bxg3 52. Kxg3 Qe3+ 53.
Bf3 h5 54. Qf2 h4+ 55. Kg2 Qxf4 56. Bd5 Qg4+ 57. Kf1 Qd1+ 58. Kg2 Qg4+ 59. Kh2
Qd7 60. Qxh4 Qf5 61. Qg3 Qh5+ 62. Kg2 Qe2+ 63. Qf2 Qe7 64. Kf1 Qc7 65. Qf6 Kf8
66. Qxa6 Qf4+ 67. Ke2 Qe5+ 68. Kd3 Qc3+ 69. Ke4 Qe1+ 70. Kd4 Qf2+ 71. Ke5 Qg3+
72. Ke4 Qe1+ 1/2-1/2

[Event "40th Olympiad Women"]
[Site "Istanbul TUR"]
[Date "2012.09.01"]
[Round "5.61"]
[Board "4"]
[White "Benkunskiene, Violeta"]
[Black "Garcia, Alcira"]
[Result "0-1"]
[WhiteElo "1643"]
[BlackElo "1782"]
[WhiteTeam "IBCA"]
[BlackTeam "El Salvador"]
[WhiteFideId "12804991"]
[BlackFideId "6702945"]
[EventDate "2012.08.28"]

1. e4 e5 2. Nf3 Nc6 3. d4 exd4 4. Nxd4 Bc5 5. Nxc6 Qf6 6. Qd2 Qxc6 7. Bd3 Nf6 8.
Nc3 O-O 9. O-O Re8 10. h3 a6 11. Qf4 d6 12. Bd2 b5 13. a3 Re5 14. Qf3 Bb7 15.
Rae1 Rae8 16. Bf4 R5e6 17. Bg5 Qd7 18. Qf5 Re5 19. Qxd7 Nxd7 20. Bf4 R5e6 21.
Be3 Bxe3 22. Rxe3 Nc5 23. Rfe1 Nxd3 24. cxd3 c5 25. b3 b4 26. axb4 cxb4 27. Na4
f6 28. Nb6 Kf7 29. Nc4 d5 30. exd5 Bxd5 31. Rxe6 Rxe6 32. Rxe6 Kxe6 33. f3 Bxc4
34. dxc4 a5 35. Kf2 a4 36. c5 a3 0-1

[Event "40th Olympiad Women"]
[Site "Istanbul TUR"]
[Date "2012.09.01"]
[Round "5.62"]
[Board "1"]
[White "Melnik, Galina"]
[Black "Samaganova, Alexandra"]
[Result "1/2-1/2"]
[WhiteTitle "WFM"]
[WhiteElo "1999"]
[BlackElo "2057"]
[WhiteTeam "IPCA"]
[BlackTeam "Kyrgyzstan"]
[WhiteFideId "4121929"]
[BlackFideId "13800221"]
[EventDate "2012.08.28"]

1. d4 Nf6 2. Nf3 e6 3. c4 b6 4. g3 Bb7 5. Bg2 Be7 6. Nc3 Ne4 7. Nxe4 Bxe4 8. O-O
O-O 9. Nd2 Bxg2 10. Kxg2 f5 11. Qc2 Qe8 12. Nf3 Bf6 13. Bd2 Nc6 14. Bc3 Ne7 15.
Rad1 Rc8 16. d5 Ng6 17. e3 Bxc3 18. Qxc3 e5 19. h4 e4 20. Ng5 Ne5 21. Nh3 Qe7
22. Nf4 Rfe8 23. Rh1 Qc5 24. Rd4 Nf3 25. b4 Qe7 26. Rdd1 d6 27. b5 Ra8 28. a4 a6
29. Ra1 a5 30. Ne6 Ne5 1/2-1/2

[Event "40th Olympiad Women"]
[Site "Istanbul TUR"]
[Date "2012.09.01"]
[Round "5.62"]
[Board "2"]
[White "Omurbekova, Diana"]
[Black "Zykina, Nadezhda"]
[Result "0-1"]
[BlackTitle "WFM"]
[WhiteElo "1697"]
[BlackElo "2078"]
[WhiteTeam "Kyrgyzstan"]
[BlackTeam "IPCA"]
[WhiteFideId "13800752"]
[BlackFideId "24150789"]
[EventDate "2012.08.28"]

1. e4 e5 2. Nf3 Nc6 3. Bb5 a6 4. Bxc6 dxc6 5. O-O f6 6. d4 exd4 7. Nxd4 Bd6 8.
Be3 Qe7 9. Re1 h5 10. Nd2 Bg4 11. f3 Bd7 12. Nc4 O-O-O 13. Nxd6+ Qxd6 14. Nb3
Nh6 15. Qxd6 cxd6 16. Bb6 Rde8 17. Rad1 Nf7 18. Nd2 f5 19. Bd4 fxe4 20. Nxe4
Rhg8 21. Bf2 d5 22. Nc5 Bf5 23. c3 g5 24. Bd4 Nd6 25. Kf2 g4 26. f4 b6 27. Na4
Ne4+ 28. Kf1 b5 29. Nc5 a5 30. Nxe4 Bxe4 31. Kf2 h4 32. g3 hxg3+ 33. hxg3 Re6
34. Be5 Kb7 35. Ke3 Rh6 36. Rd2 Rh3 37. Rg1 Rg6 38. Rf2 Re6 39. Rd2 c5 40. Rf2
Kc6 41. b4 Bf3 42. Rxf3 gxf3 43. Kxf3 axb4 44. cxb4 c4 45. Rg2 Re8 46. Re2 d4
47. Kg2 d3 48. Rd2 Rh6 49. g4 Kd5 50. g5 Rg6 51. Kf3 Rxe5 52. fxe5 Rxg5 0-1

[Event "40th Olympiad Women"]
[Site "Istanbul TUR"]
[Date "2012.09.01"]
[Round "5.62"]
[Board "3"]
[White "Kurochkina, Elena"]
[Black "Tilenbaev, Baktygul"]
[Result "1/2-1/2"]
[WhiteElo "1797"]
[BlackElo "1940"]
[WhiteTeam "IPCA"]
[BlackTeam "Kyrgyzstan"]
[WhiteFideId "24145890"]
[BlackFideId "13800639"]
[EventDate "2012.08.28"]

1. d4 d5 2. c4 e6 3. Nc3 Nf6 4. cxd5 Nxd5 5. e4 Nb6 6. Nf3 c6 7. Be2 N8d7 8. O-O
Be7 9. Qc2 O-O 10. Be3 Nf6 11. h3 Nbd7 12. Rfd1 a6 13. d5 exd5 14. exd5 cxd5 15.
Nxd5 Nxd5 16. Rxd5 Qe8 17. Rad1 Nf6 18. R5d4 Be6 19. Ng5 Rc8 20. Qb1 Bc5 21.
Nxe6 Qxe6 22. R4d3 Bxe3 23. Rxe3 Qb6 24. Bf3 Rc5 25. Rb3 Rb5 26. Rxb5 Qxb5 27.
Qc2 b6 28. Bc6 Qe5 29. Bf3 b5 30. b4 Qe7 31. a3 h6 32. Qc6 a5 33. Qxb5 axb4 34.
axb4 Rd8 35. Rxd8+ Qxd8 36. Qc5 Nd7 37. Qd6 Qe8 38. Qd2 Ne5 39. Be2 Qb8 40. b5
Kf8 41. Qb4+ Ke8 42. Qe4 Kd7 43. Qd5+ Qd6 44. Qb3 Kc7 45. Qc3+ Kb6 46. Qc2 1/2-1/2

[Event "40th Olympiad Women"]
[Site "Istanbul TUR"]
[Date "2012.09.03"]
[Round "6.1"]
[Board "1"]
[White "Hou, Yifan"]
[Black "Kosintseva, Tatiana"]
[Result "1-0"]
[WhiteTitle "GM"]
[BlackTitle "GM"]
[WhiteElo "2599"]
[BlackElo "2530"]
[WhiteTeam "China"]
[BlackTeam "Russia"]
[WhiteFideId "8602980"]
[BlackFideId "4133471"]
[EventDate "2012.08.28"]

1. e4 e5 2. Nf3 Nc6 3. Bb5 a6 4. Ba4 Nf6 5. O-O Be7 6. Re1 b5 7. Bb3 O-O 8. c3
d5 9. exd5 Nxd5 10. Nxe5 Nxe5 11. Rxe5 c6 12. d4 Bd6 13. Re1 Qh4 14. g3 Qh3 15.
Bxd5 cxd5 16. Qf3 Bf5 17. Qxd5 Rad8 18. Qg2 Qh5 19. f3 Bh3 20. Qf2 f5 21. Nd2 g5
22. a4 f4 23. g4 Qg6 24. axb5 axb5 25. Ne4 h5 26. b3 Bc7 27. Ba3 Rf7 28. gxh5
Qf5 29. Bc5 Kh7 30. Ra6 Rg8 31. Be7 g4 32. Qh4 gxf3+ 33. Rg6 Rxg6+ 34. hxg6+
Kxg6 35. Qg5+ Qxg5+ 36. Nxg5 Rxe7 37. Rxe7 Bd8 38. Nxh3 Bxe7 39. Kf2 Kf5 40.
Kxf3 Bd6 41. Nf2 Be7 42. Nd3 Bg5 43. c4 1-0

[Event "40th Olympiad Women"]
[Site "Istanbul TUR"]
[Date "2012.09.03"]
[Round "6.1"]
[Board "4"]
[White "Pogonina, Natalija"]
[Black "Huang, Qian"]
[Result "1/2-1/2"]
[WhiteTitle "WGM"]
[BlackTitle "WGM"]
[WhiteElo "2448"]
[BlackElo "2449"]
[WhiteTeam "Russia"]
[BlackTeam "China"]
[WhiteFideId "4147855"]
[BlackFideId "8602689"]
[EventDate "2012.08.28"]

1. e4 c5 2. Nf3 d6 3. d4 cxd4 4. Nxd4 Nf6 5. Nc3 a6 6. Be2 e5 7. Nb3 Be7 8. O-O
O-O 9. Re1 Be6 10. Bf3 Nc6 11. Nd5 Bxd5 12. exd5 Nb8 13. a4 a5 14. Be2 Na6 15.
Bd2 b6 16. Bb5 Ra7 17. c4 Nd7 18. f4 Nac5 19. Nxc5 Nxc5 20. Ra3 e4 21. Rh3 Bf6
22. Be3 Bxb2 23. Qh5 h6 24. g4 Qf6 25. Kh1 Qg6 26. Qxg6 fxg6 27. Bxc5 bxc5 28.
Rb3 Bd4 29. Rxe4 Raf7 30. Be8 Rxf4 31. Rxf4 Rxf4 32. Bxg6 Rf1+ 33. Kg2 Rf2+ 34.
Kg3 Rb2 35. Rb5 Bc3 36. Kf4 Kf8 37. Rxb2 Bxb2 38. Kf5 Ke7 39. h4 Bf6 40. g5 hxg5
41. hxg5 1/2-1/2

[Event "40th Olympiad Women"]
[Site "Istanbul TUR"]
[Date "2012.09.03"]
[Round "6.2"]
[Board "1"]
[White "Socko, Monika"]
[Black "Bojkovic, Natasa"]
[Result "1-0"]
[WhiteTitle "GM"]
[BlackTitle "IM"]
[WhiteElo "2467"]
[BlackElo "2392"]
[WhiteTeam "Poland"]
[BlackTeam "Serbia"]
[WhiteFideId "1106619"]
[BlackFideId "908550"]
[EventDate "2012.08.28"]

1. c4 Nf6 2. Nc3 e6 3. e4 c5 4. e5 Ng8 5. d4 cxd4 6. Qxd4 Nc6 7. Qe4 d6 8. Nf3
dxe5 9. Nxe5 Nxe5 10. Qxe5 Nf6 11. Bf4 Nd7 12. Qe3 Bb4 13. Be2 O-O 14. O-O e5
15. Bxe5 Nxe5 16. Qxe5 Re8 17. Rad1 Bd7 18. Qh5 Bxc3 19. bxc3 Qc7 20. Rd4 Be6
21. Bd3 g6 22. Qg5 Rad8 23. Re1 Qb6 24. Rb1 Rxd4 25. Rxb6 Rxd3 26. Rb1 Bxc4 27.
a4 Rxc3 28. h4 Ba6 29. h5 Rc6 30. Rd1 Rce6 31. h6 f6 32. Qc5 R6e7 33. Rd6 Rf7
34. Qd5 Kf8 35. Qd4 f5 36. Rf6 Bc4 37. Qc5+ Re7 38. Rd6 1-0

[Event "40th Olympiad Women"]
[Site "Istanbul TUR"]
[Date "2012.09.03"]
[Round "6.2"]
[Board "4"]
[White "Benderac, Ana"]
[Black "Szczepkowska-Horowska, Karina"]
[Result "0-1"]
[WhiteTitle "WGM"]
[BlackTitle "WGM"]
[WhiteElo "2266"]
[BlackElo "2375"]
[WhiteTeam "Serbia"]
[BlackTeam "Poland"]
[WhiteFideId "913464"]
[BlackFideId "1122681"]
[EventDate "2012.08.28"]

1. d4 Nf6 2. Nf3 d6 3. Bg5 Nbd7 4. e3 e5 5. Nbd2 Be7 6. dxe5 dxe5 7. c3 O-O 8.
Qc2 c6 9. O-O-O b5 10. Bd3 h6 11. Bxf6 Bxf6 12. Ne4 Qe7 13. g4 Nc5 14. Rhg1
Nxd3+ 15. Qxd3 g6 16. Qd6 Qxd6 17. Rxd6 Be7 18. Nxe5 Bxd6 19. Nxd6 Be6 20. Nxc6
a6 21. b3 Kg7 22. f4 Bd5 23. Nb4 Rad8 24. Nxd5 Rxd6 25. Rd1 f5 26. gxf5 gxf5 27.
Kc2 Kf7 28. c4 bxc4 29. bxc4 Rg8 30. Kc3 Rg2 31. Kd4 Re6 32. Rb1 Rd2+ 33. Kc5
Rxa2 34. Rb7+ Kf8 35. Rb8+ Kf7 36. Rb7+ Kg6 37. Rb6 Rxb6 38. Kxb6 Rxh2 39. c5
Rc2 40. c6 a5 41. Kxa5 Kf7 42. Kb6 Ke6 43. Nc7+ Kd6 44. Nb5+ Kd5 45. c7 h5 46.
Nd4 Rxc7 47. Kxc7 Ke4 48. Ne2 h4 49. Ng1 Kxe3 50. Kd6 Kf2 51. Nh3+ Kg3 52. Ng1
Kg2 0-1

[Event "40th Olympiad Women"]
[Site "Istanbul TUR"]
[Date "2012.09.03"]
[Round "6.3"]
[Board "2"]
[White "Khotenashvili, Bela"]
[Black "Pokorna, Regina"]
[Result "1-0"]
[WhiteTitle "IM"]
[BlackTitle "WGM"]
[WhiteElo "2509"]
[BlackElo "2353"]
[WhiteTeam "Georgia"]
[BlackTeam "Slovakia"]
[WhiteFideId "13602640"]
[BlackFideId "14902052"]
[EventDate "2012.08.28"]

1. d4 d5 2. c4 e6 3. Nf3 Nf6 4. g3 Bb4+ 5. Bd2 Be7 6. Bg2 c6 7. Qc2 O-O 8. O-O
b6 9. b3 Nbd7 10. Rd1 Bb7 11. Nc3 Rc8 12. e4 dxe4 13. Nxe4 c5 14. Nxf6+ Bxf6 15.
Ng5 Bxg5 16. Bxb7 Rc7 17. dxc5 Bf6 18. Bc3 Rxb7 19. c6 Rc7 20. cxd7 Bxc3 21.
Qxc3 Rxd7 22. Qf3 h6 23. a4 Rxd1+ 24. Rxd1 Qb8 25. Rd7 a5 26. h4 Qe5 27. Rb7 Qd6
28. Kh2 f5 29. Qf4 e5 30. Qf3 Rf6 31. h5 e4 32. Qf4 Qd1 33. g4 Qxg4 34. Qxg4
fxg4 35. Kg3 Rf3+ 36. Kxg4 Rxb3 37. c5 e3 38. Kf3 exf2+ 39. Kxf2 Rb4 40. c6 Kh7
41. c7 Rc4 42. Ke3 Rc1 43. Kd4 Rc2 44. Ke4 1-0

[Event "40th Olympiad Women"]
[Site "Istanbul TUR"]
[Date "2012.09.03"]
[Round "6.3"]
[Board "3"]
[White "Kochetkova, Julia"]
[Black "Khurtsidze, Nino"]
[Result "0-1"]
[WhiteTitle "WGM"]
[BlackTitle "IM"]
[WhiteElo "2305"]
[BlackElo "2444"]
[WhiteTeam "Slovakia"]
[BlackTeam "Georgia"]
[WhiteFideId "4139690"]
[BlackFideId "13600320"]
[EventDate "2012.08.28"]

1. e4 c5 2. Nf3 e6 3. d4 cxd4 4. Nxd4 a6 5. Nc3 Qc7 6. Be2 Nf6 7. O-O Be7 8. f4
d6 9. Be3 Nbd7 10. Bf3 O-O 11. Kh1 Nb6 12. Qe1 Re8 13. Qg3 Nc4 14. Bc1 e5 15.
Nde2 b5 16. b3 Nb6 17. Bb2 Bb7 18. fxe5 dxe5 19. Nd5 Nbxd5 20. Bxe5 Qxc2 21.
exd5 Qg6 22. Qf2 Bf8 23. Bb2 Nxd5 24. Rad1 Rad8 25. Rd2 Bb4 26. Rxd5 Bxd5 27.
Nf4 Qg5 28. Bxd5 Rxd5 29. Nd3 f6 30. h4 Qg4 31. Nxb4 Qxb4 32. Qg3 Qd6 33. Qg4
Qd7 34. Qf4 Rd1 0-1

[Event "40th Olympiad Women"]
[Site "Istanbul TUR"]
[Date "2012.09.03"]
[Round "6.4"]
[Board "1"]
[White "Hoang, Thanh Trang"]
[Black "Matnadze, Ana"]
[Result "1-0"]
[WhiteTitle "GM"]
[BlackTitle "IM"]
[WhiteElo "2464"]
[BlackElo "2422"]
[WhiteTeam "Hungary"]
[BlackTeam "Spain"]
[WhiteFideId "12400149"]
[BlackFideId "13601377"]
[EventDate "2012.08.28"]

1. d4 Nf6 2. c4 e6 3. g3 d5 4. Bg2 g6 5. Nf3 Bg7 6. O-O O-O 7. Nc3 Na6 8. Ne5 c5
9. Be3 dxc4 10. dxc5 Nd5 11. Bd4 Nxc3 12. Bxc3 Nxc5 13. Rc1 Qe7 14. Nxc4 Rd8 15.
Qc2 e5 16. Bb4 Bf5 17. e4 Bd7 18. Ne3 b6 19. Nd5 Qf8 20. Bxc5 bxc5 21. Qxc5 Be6
22. Nc7 Qxc5 23. Rxc5 Rab8 24. Nxe6 fxe6 25. Bh3 Rxb2 26. Bxe6+ Kh8 27. Rfc1 Rf8
28. R1c2 Rb1+ 29. Kg2 Rb6 30. Bd5 h5 31. Rc7 a6 32. h4 Kh7 33. Ra7 Kh6 34. a4
Rff6 35. Re7 Rb4 36. Rcc7 Rb2 37. Rxg7 Rfxf2+ 38. Kg1 Rg2+ 39. Kf1 Rbf2+ 40. Ke1
Re2+ 41. Kd1 Rd2+ 42. Kc1 Rc2+ 43. Rxc2 Rg1+ 44. Kb2 Kxg7 45. Rc3 a5 46. Bc6 Kf7
47. Kb3 Rf1 48. Kc4 g5 49. hxg5 Rd1 50. Kb5 Kg6 51. Kxa5 Rb1 52. Bb5 Kxg5 53.
Kb6 Rb4 54. a5 Rxe4 55. a6 1-0

[Event "40th Olympiad Women"]
[Site "Istanbul TUR"]
[Date "2012.09.03"]
[Round "6.4"]
[Board "2"]
[White "Alexandrova, Olga"]
[Black "Gara, Ticia"]
[Result "1/2-1/2"]
[WhiteTitle "IM"]
[BlackTitle "WGM"]
[WhiteElo "2417"]
[BlackElo "2385"]
[WhiteTeam "Spain"]
[BlackTeam "Hungary"]
[WhiteFideId "14102463"]
[BlackFideId "717444"]
[EventDate "2012.08.28"]

1. d4 Nf6 2. c4 g6 3. f3 d5 4. cxd5 Nxd5 5. e4 Nb6 6. Nc3 Bg7 7. Be3 O-O 8. Qd2
Qd6 9. O-O-O Rd8 10. Nb5 Qc6+ 11. Qc2 Qxc2+ 12. Kxc2 Na6 13. a3 c6 14. Nc3 Nc7
15. b3 e5 16. dxe5 Rxd1 17. Nxd1 Bxe5 18. Bd3 Nb5 19. Bxb5 cxb5 20. Nc3 Bxc3 21.
Kxc3 f5 22. Ne2 fxe4 23. fxe4 Bg4 24. Nd4 a6 25. Nf3 Rc8+ 26. Kd3 Rd8+ 27. Bd4
Nd7 28. Rc1 Bxf3 29. gxf3 Ne5+ 30. Ke3 Nc6 31. Bc3 Kf7 32. f4 Ke6 33. h4 Ne7 34.
h5 Rc8 35. hxg6 hxg6 36. Kd3 Rd8+ 37. Ke3 Rc8 38. Kd3 Rd8+ 39. Kc2 Rf8 40. Rf1
Rf7 41. Kd3 Rh7 42. Rf3 Rh1 43. Bb4 Nc6 44. f5+ gxf5 45. exf5+ Kd5 46. Bc3 Rh7
47. f6 Rf7 48. Rf5+ Ke6 49. Ke4 Rh7 50. Rf4 Nd8 51. Ke3 Rh3+ 52. Rf3 Rh1 53. Kd3
Rd1+ 54. Kc2 Rd7 55. Re3+ Kf7 56. Rd3 Rxd3 57. Kxd3 Ke6 58. Ke4 Nc6 59. Kf4 a5
60. b4 axb4 61. axb4 Nxb4 62. Bxb4 1/2-1/2

[Event "40th Olympiad Women"]
[Site "Istanbul TUR"]
[Date "2012.09.03"]
[Round "6.4"]
[Board "3"]
[White "Gara, Anita"]
[Black "Calzetta Ruiz, Monica"]
[Result "0-1"]
[WhiteTitle "IM"]
[BlackTitle "WGM"]
[WhiteElo "2306"]
[BlackElo "2276"]
[WhiteTeam "Hungary"]
[BlackTeam "Spain"]
[WhiteFideId "709751"]
[BlackFideId "2204185"]
[EventDate "2012.08.28"]

1. e4 c5 2. Nf3 g6 3. d4 cxd4 4. Nxd4 Nc6 5. c4 Nf6 6. Nc3 Nxd4 7. Qxd4 d6 8.
Bg5 Bg7 9. Qd2 O-O 10. Bd3 a5 11. Rc1 a4 12. O-O Qa5 13. Rfe1 Bd7 14. h3 Rfc8
15. f4 Be6 16. b3 axb3 17. axb3 Qb6+ 18. Kh1 Qxb3 19. Rb1 Qa3 20. Nb5 Qa2 21.
Qxa2 Rxa2 22. Nd4 Rc7 23. Ra1 Rxa1 24. Rxa1 h6 25. Bh4 Nh5 26. Nxe6 fxe6 27.
Ra8+ Kf7 28. g3 Rc5 29. Be2 Nf6 30. Bxf6 Bxf6 31. Rb8 Rc7 32. Kg2 Bd4 33. Kf3 b6
34. Ra8 Rc5 35. g4 Ra5 36. Rxa5 bxa5 37. Bd1 Ke8 38. Ba4+ Kd8 39. Ke2 g5 40. Kd3
Ba1 41. f5 Kc7 42. c5 dxc5 43. fxe6 Kd6 44. Kc4 Bb2 45. Bd7 Ba3 46. Kd3 Ke5 47.
Be8 Kxe6 48. Kc4 Ke5 49. Bc6 Bb4 50. Kd3 Kf4 51. Bd5 a4 52. Bc4 a3 53. Be6 Kg3
54. Ke3 Bc3 55. Kd3 Bd4 56. Ke2 Kxh3 57. Kf3 Kh4 58. Bf7 Be5 59. Be6 h5 60. gxh5
g4+ 61. Kg2 Kxh5 62. Bc4 Kg5 63. Kf2 Kf4 64. Bd5 Bd6 0-1

[Event "40th Olympiad Women"]
[Site "Istanbul TUR"]
[Date "2012.09.03"]
[Round "6.5"]
[Board "1"]
[White "Lahno, Kateryna"]
[Black "Mamedjarova, Zeinab"]
[Result "1-0"]
[WhiteTitle "GM"]
[BlackTitle "WGM"]
[WhiteElo "2542"]
[BlackElo "2285"]
[WhiteTeam "Ukraine"]
[BlackTeam "Azerbaijan"]
[WhiteFideId "14109336"]
[BlackFideId "13401521"]
[EventDate "2012.08.28"]

1. d4 Nf6 2. c4 e6 3. Nc3 d5 4. cxd5 exd5 5. Bg5 Be7 6. e3 O-O 7. Bd3 c6 8. Qc2
h6 9. Bh4 Re8 10. Nge2 Ne4 11. Bxe7 Qxe7 12. Bxe4 dxe4 13. Ng3 f5 14. O-O c5 15.
d5 Qg5 16. Rad1 Na6 17. a3 h5 18. h3 h4 19. Nge2 Qf6 20. d6 Qf7 21. Nf4 Rd8 22.
Nb5 Kh7 23. f3 exf3 24. Rxf3 Bd7 25. Nc7 Nxc7 26. dxc7 Rdc8 27. Qf2 Rxc7 28.
Qxh4+ Kg8 29. Nd5 Bc6 30. Nxc7 Bxf3 31. Rd8+ Rxd8 32. Qxd8+ Kh7 33. gxf3 Qg6+
34. Kf2 Qb6 35. Qh4+ Kg8 36. Qd8+ Kh7 37. Kg3 Qxb2 38. Qd5 f4+ 39. exf4 Qxa3 40.
Ne6 Qa6 41. Qf5+ 1-0

[Event "40th Olympiad Women"]
[Site "Istanbul TUR"]
[Date "2012.09.03"]
[Round "6.5"]
[Board "2"]
[White "Mammadova, Gulnar"]
[Black "Muzychuk, Mariya"]
[Result "1/2-1/2"]
[WhiteTitle "WGM"]
[BlackTitle "IM"]
[WhiteElo "2324"]
[BlackElo "2466"]
[WhiteTeam "Azerbaijan"]
[BlackTeam "Ukraine"]
[WhiteFideId "13403508"]
[BlackFideId "14114550"]
[EventDate "2012.08.28"]

1. e4 c5 2. Nf3 e6 3. b3 Nc6 4. Bb2 Nf6 5. e5 Nd5 6. g3 d6 7. Bg2 Be7 8. O-O O-O
9. exd6 Qxd6 10. d4 Bf6 11. Nbd2 cxd4 12. Ne4 Qc7 13. Nxf6+ Nxf6 14. Nxd4 Rd8
15. Nb5 Qb6 16. Qe2 e5 17. Na3 Bg4 18. Qe3 Qxe3 19. fxe3 Nd5 20. h3 Be6 21. Kf2
Rac8 22. Rad1 Ndb4 23. g4 f6 24. Bxc6 Rxd1 25. Rxd1 Rxc6 26. c4 Nxa2 27. Nb5 Rb6
28. Ba3 a6 29. Rd8+ Kf7 30. Rd6 Rc6 31. Rxc6 bxc6 32. Nd6+ Kg6 33. Kf3 h5 34.
Ne4 a5 35. Kg3 hxg4 36. hxg4 Bxg4 37. Kxg4 f5+ 38. Kf3 fxe4+ 39. Kxe4 Kf6 40.
Bb2 Ke6 41. Bxe5 Nc1 42. Bxg7 1/2-1/2

[Event "40th Olympiad Women"]
[Site "Istanbul TUR"]
[Date "2012.09.03"]
[Round "6.5"]
[Board "3"]
[White "Zhukova, Natalia"]
[Black "Mamedjarova, Turkan"]
[Result "1-0"]
[WhiteTitle "GM"]
[BlackTitle "WGM"]
[WhiteElo "2442"]
[BlackElo "2245"]
[WhiteTeam "Ukraine"]
[BlackTeam "Azerbaijan"]
[WhiteFideId "14101513"]
[BlackFideId "13402005"]
[EventDate "2012.08.28"]

1. d4 d5 2. c4 e6 3. Nc3 Nf6 4. cxd5 exd5 5. Bg5 Be7 6. e3 O-O 7. Bd3 c6 8. Qc2
Nbd7 9. Nge2 Re8 10. f3 Nf8 11. O-O Ng6 12. Rad1 Nh5 13. Bxe7 Qxe7 14. e4 Qg5
15. Kh1 dxe4 16. fxe4 Nh4 17. g3 Ng6 18. e5 Be6 19. Ne4 Qe3 20. Qc1 Qxc1 21.
Rxc1 f6 22. Nd6 Red8 23. Bxg6 hxg6 24. Kg1 Rxd6 25. exd6 Rd8 26. d5 cxd5 27. Rc7
Rxd6 28. Rxb7 d4 29. Rd1 d3 30. Nc1 Bf5 31. Rxa7 Be4 32. Ra3 1-0

[Event "40th Olympiad Women"]
[Site "Istanbul TUR"]
[Date "2012.09.03"]
[Round "6.5"]
[Board "4"]
[White "Isgandarova, Khayala"]
[Black "Ushenina, Anna"]
[Result "0-1"]
[WhiteTitle "WIM"]
[BlackTitle "IM"]
[WhiteElo "2205"]
[BlackElo "2433"]
[WhiteTeam "Azerbaijan"]
[BlackTeam "Ukraine"]
[WhiteFideId "13401823"]
[BlackFideId "14110911"]
[EventDate "2012.08.28"]

1. e4 c5 2. Nf3 d6 3. d4 cxd4 4. Qxd4 Nc6 5. Bb5 Bd7 6. Bxc6 bxc6 7. c4 e5 8.
Qd3 Be7 9. Nc3 h6 10. Be3 Qb8 11. Rb1 Nf6 12. h3 O-O 13. b4 d5 14. cxd5 cxd5 15.
Bc5 dxe4 16. Nxe4 Bb5 17. Qc2 Rc8 18. Nxf6+ Bxf6 19. a4 Ba6 20. Nd2 Be7 21. Ne4
Qc7 22. Rc1 Rab8 23. Qc3 Qb7 24. f3 f5 25. Nf2 Qd5 26. Qd2 Qxd2+ 27. Kxd2 Rxb4
28. Bxb4 Bg5+ 0-1